25 anys : Llibreria de la Diputació Llibreria de la Diputació
Descripción Física:
1 imant ; il. col. ; 4 cm.
Materias:
Barcelona (Catalunya : Província). -- Llibreria -- Màrqueting
; Objectes publicitaris
; Imants
Idioma:
Catalán
MARC
| LEADER | 00000nrm a22000007a 4500 | ||
|---|---|---|---|
| 001 | 27277 | ||
| 003 | Arxiu | ||
| 005 | 20260324181151.0 | ||
| 008 | 230117b spa||||| |||| 00| 0 cat d | ||
| 040 | |a agdb |b cat | ||
| 245 | |a 25 anys : |b Llibreria de la Diputació | ||
| 260 | |a [Barcelona : |b Diputació de Barcelona ; |c 2019] | ||
| 300 | |a 1 imant ; |b il. col. ; |c 4 cm. | ||
| 610 | 0 | |a Barcelona (Catalunya : Província). |b Llibreria |x Màrqueting | |
| 650 | 0 | |9 54098 |a Objectes publicitaris | |
| 655 | 0 | |a Imants |9 55150 | |
| 710 | |9 52413 |a Barcelona (Catalunya : Província). |b Llibreria | ||
| 942 | |2 udc |c ARXIU |n 1 | ||
| 952 | |0 0 |1 0 |2 udc |4 0 |6 NBM16194 |7 1 |9 65055 |a Arxiu |b Arxiu |d 2023-01-17 |l 0 |o NBM-16-194 |p 27277 |r 2023-01-17 00:00:00 |w 2023-01-17 |y ARXIU | ||
| 999 | |c 82979 |d 82979 | ||